Buddhism: (Record no. 1238261)
[ view plain ]
| 000 -LEADER | |
|---|---|
| fixed length control field | 00753nam a22002537a 4500 |
| 005 - DATE AND TIME OF LATEST TRANSACTION | |
| control field | 20250127110531.0 |
| 008 - FIXED-LENGTH DATA ELEMENTS--GENERAL INFORMATION | |
| fixed length control field | 250127b |||||||| |||| 00| 0 eng d |
| 020 ## - INTERNATIONAL STANDARD BOOK NUMBER | |
| International Standard Book Number | 978-81-968274-5-8 (hbk) |
| 037 ## - SOURCE OF ACQUISITION | |
| Terms of availability | TB |
| 040 ## - CATALOGING SOURCE | |
| Original cataloging agency | AL |
| Transcribing agency | AL |
| 041 ## - LANGUAGE CODE | |
| Source of code | eng |
| Language code of text/sound track or separate title | eng |
| 084 ## - COLON CLASSIFICATION NUMBER | |
| Classification number | Q4 R4 |
| Assigning agency | AL |
| 100 ## - MAIN ENTRY--PERSONAL NAME | |
| Personal name | Lama, G. K. |
| 9 (RLIN) | 734825 |
| 245 ## - TITLE STATEMENT | |
| Title | Buddhism: |
| Remainder of title | a holistic vision |
| 260 ## - PUBLICATION, DISTRIBUTION, ETC. | |
| Place of publication, distribution, etc. | New Delhi, India: |
| Name of publisher, distributor, etc. | Research India Press, |
| Date of publication, distribution, etc. | 2024 |
| 300 ## - PHYSICAL DESCRIPTION | |
| Extent | xvii, 387p. |
| 365 ## - TRADE PRICE | |
| Price amount | 4500.00 |
| Currency code | INR |
| 650 ## - SUBJECT ADDED ENTRY--TOPICAL TERM | |
| Topical term or geographic name entry element | Religion |
| 9 (RLIN) | 734826 |
| 650 ## - SUBJECT ADDED ENTRY--TOPICAL TERM | |
| Topical term or geographic name entry element | Buddhism |
| 9 (RLIN) | 734827 |
| 653 ## - INDEX TERM--UNCONTROLLED | |
| Uncontrolled term | Religion |
| 653 ## - INDEX TERM--UNCONTROLLED | |
| Uncontrolled term | Buddhism |
| 942 ## - ADDED ENTRY ELEMENTS (KOHA) | |
| Source of classification or shelving scheme | Colon Classification (CC) |
| Koha item type | Textbook |
| Classification part | Q4 R4 |
| Suppress in OPAC | No |
No items available.
